Nursing Arts : Principles and practice (Record no. 153546)

MARC details
000 -LEADER
fixed length control field 00363nam a2200133Ia 4500
008 - FIXED-LENGTH DATA ELEMENTS--GENERAL INFORMATION
fixed length control field 230411s9999 xx 000 0 und d
041 ## - LANGUAGE CODE
Language code of text/sound track or separate title eng
082 ## - DEWEY DECIMAL CLASSIFICATION NUMBER
Classification number F/610.73/INA/B02344
100 ## - MAIN ENTRY--PERSONAL NAME
Personal name Inamdar Madhuri
245 ## - TITLE STATEMENT
Title Nursing Arts : Principles and practice
260 ## - PUBLICATION, DISTRIBUTION, ETC. (IMPRINT)
Name of publisher, distributor, etc. Vora Medical Publications
Place of publication, distribution, etc. Mumbai
Date of publication, distribution, etc. 2005
300 ## - PHYSICAL DESCRIPTION
Extent 201p
Holdings
Withdrawn status Lost status Damaged status Not for loan Collection code Home library Current library Date acquired Vendor Cost, normal purchase price Bill number Total Checkouts Full call number Barcode Date last seen Cost, replacement price Bill Date Koha item type Original Barcode
          Smt. Bakul Tambat Institute of Nursing Education Smt. Bakul Tambat Institute of Nursing Education 14/04/2005 S.K.Kothari,Pune. 230.00 9006   F 610.73 INA B02344 BTIN-BK-2344 11/04/2023 172.00 14/04/2005 Books B02344